000 00510nam a2200181 a 4500
001 25115
003 CO-ViMGA
008 141112s2004 ck r 000 u spa d
020 _a9788496646698
040 _aCO-ViMGA
_bspa
_cCO-ViMGA
090 _aMICv
100 1 _aMichl, Reinhard
_938258
245 1 0 _aA veces me gustaría ser Max /
_cReinhard Michl, traduccion Eduardo Martínez
260 _aEspaña :
_bLoguez,
_c2011
300 _a[23] p. : il.
650 1 4 _aLiteratura infantil
_92746
942 _2ddc
_cBK
999 _c32745
_d32745